000
00310 a2200133 4500
005
20250425081508.0
020
_a
9-7822253-050933
082
_a
F CHA
100
_a
CHAPSAL, M.
245
_a
Une Saison De Feuilles
260
_a
Roman,
_b
Fayard,
_c
1988.
300
_a
380p.,
_c
18cm.
942
_2
ddc
_c
BKS
999
_c
1644
_d
1644